| 000 | 003770000a22001570004500 | ||
|---|---|---|---|
| 001 | 002282 | ||
| 003 | MACL | ||
| 040 | _aMACL | ||
| 090 |
_c14275 _d14274 |
||
| 100 | _aCoomaraswamy, Ananda K | ||
| 245 |
_aGotama The Buddha _bThe Great thoughts of _cAnanda K Coomaraswamy |
||
| 260 |
_aCrest Publishing House, _c1996 |
||
| 350 | _a445 | ||
| 650 | _aReligion | ||
| 942 |
_k294 _cBook |
||
| 999 |
_c14194 _d14194 |
||